000 02820ngm a2200469 4500
003 dpl
005 20090109152911.0
007 DVD
008 ||||||sp199 xxu|||||c ||| 00| 0 ng d
010 _aDVD-002008-2010 & DVD-004592-4594 & DVD-005626-5627
024 _aSHE DVD 377
_c99.00
035 _aDVD-002008-2010
035 _aDVD-004592-4594
035 _aDVD-005626-5627
040 _aDPL
_cDPL
082 _aDVD / FIDA
245 _aFida
_cTips Film Presents
_h[videorecording] DVD/
260 _bShemaroo Video Pvt. Ltd.
300 _a1 videodisc DVD; (122 min.) :
_bsd., col. ;
_c4 3/4 in.
_fDVD
440 _aShemaroo Home Entertainment
500 _aDigitally Re-Mastered From the Original Film
538 _aDolby Digital 5.1 - Hindi Subtitles: English
650 _aMotion Picture
700 _aGhosh, Ken
700 _aTurani, Ramesh S.
700 _aMalik, Anu
700 _aKapoor, Karina
700 _aFardeen Khan
700 _aKapoor, Shahid
942 _cCF
_2ddc
_hDVD
_mFIDA
999 _c20807
_d20807